Подробности
| 000 -МАРКЕР |
| контрольное поле |
01201nam0a22002771 4500 |
| 001 - ИДЕНТИФИКАТОР ЗАПИСИ |
| контрольное поле |
RU\NLR\INFOCOMM_253\5000010247 |
| 005 - ИДЕНТИФИКАТОР ВЕРСИИ |
| контрольное поле |
20260407071007.0 |
| 035 ## - ДРУГИЕ СИСТЕМНЫЕ НОМЕРА |
| Идентификатор записи |
(NLR Aleph) 009175936 |
| 100 ## - ДАННЫЕ ОБЩЕЙ ОБРАБОТКИ |
| Данные общей обработки |
20100307d1960 |||y0rusy50 ca |
| 101 0# - ЯЗЫК РЕСУРСА |
| Язык текста, звукозаписи и т.д. |
испанский, кастильский испанский |
| 102 ## - СТРАНА ПУБЛИКАЦИИ ИЛИ ПРОИЗВОДСТВА |
| Страна публикации |
российская федерация |
| 105 ## - ПОЛЕ КОДИРОВАННЫХ ДАННЫХ: ТЕКСТОВЫЕ МАТЕРИАЛЫ, МОНОГРАФИЧЕСКИЕ |
| Кодированные данные о монографическом текстовом документе |
a ||||000|y |
| 200 1# - ЗАГЛАВИЕ И СВЕДЕНИЯ ОБ ОТВЕТСТВЕННОСТИ |
| Основное заглавие |
Cara a cara con Norteamérica |
| Сведения, относящиеся к заглавию |
Relato del viaje de N. S. Jruschov a los EE. UU. 15-27 de sept. de 1959 |
| Первые сведения об ответственности |
[Nan escrito este libre: A. Adzhubei, N. Gribachov, L Ilichov] [y. o.] |
| 210 ## - ПУБЛИКАЦИЯ, РАСПРОСТРАНЕНИЕ И ДР. |
| Место издания, распространения и т.д. |
Μ. |
| Имя издателя, распространителя и т. д. |
Ed. en lenguas extranjeras |
| Дата издания, распространения и т.д. |
1960 |
| 215 ## - ФИЗИЧЕСКАЯ ХАРАКТЕРИСТИКА |
| Специфическое обозначение материала и объем |
688 с.; 27 л. ил. |
| Другие сведения о физической характеристике |
факс., ил. |
| Размеры |
21 см |
| 300 ## - ОБЩИЕ ПРИМЕЧАНИЯ |
| Текст примечания |
На обороте тит. л.: Лицом к лицу с Америкой. Рассказ о поездке Н. С. Хрущёва в США. 15-27 сент. 1959 г. |
| 686 ## - ИНДЕКСЫ ДРУГИХ КЛАССИФИКАЦИЙ |
| Индекс |
Ир4880 |
| Код системы |
|
| 701 #1 - ИМЯ ЛИЦА - АЛЬТЕРНАТИВНАЯ ОТВЕТСТВЕННОСТЬ |
| Код отношения |
Автор |
| Графика поля |
Латинская |
| Материалы, к которым относится поле |
rus |
| Начальный элемент ввода |
Adžubej |
| Часть имени, кроме начального элемента ввода |
A. I. |
| Даты |
1924-1993 |
| Расширение инициалов личного имени |
Aleksej Ivanovič |
| Системный номер авторитетной/нормативной записи |
229220 |
| Идентификатор авторитетной/нормативной записи |
RU\NLR\AUTH\770229276 |
| 702 #1 - ИМЯ ЛИЦА - ВТОРИЧНАЯ ОТВЕТСТВЕННОСТЬ |
| Код отношения |
Прочие |
| Графика поля |
Латинская |
| Материалы, к которым относится поле |
rus |
| Начальный элемент ввода |
Chruščev |
| Часть имени, кроме начального элемента ввода |
N. S. |
| Даты |
1894-1971 |
| Расширение инициалов личного имени |
Nikita Sergeevič |
| Идентификатор авторитетной/нормативной записи |
RU\NLR\AUTH\770229277 |
| Системный номер авторитетной/нормативной записи |
229221 |
| 801 #1 - ИСТОЧНИК ЗАПИСИ |
| Страна |
российская федерация |
| Организация |
NLR |
| Дата составления |
20100307 |
| 801 #0 - ИСТОЧНИК ЗАПИСИ |
| Страна |
российская федерация |
| Организация |
NLR |
| Правила каталогизации |
PSBO |
| 852 ## - МЕСТОНАХОЖДЕНИЕ И ШИФР ХРАНЕНИЯ |
| Идентификатор организации |
NLR |
| Шифр хранения (Call Number) |
Ир51 Г-3/238 |
| 942 ## - ДОПОЛНИТЕЛЬНЫЕ ЭЛЕМЕНТЫ ЗАПИСИ (АБИС) |
| Тип экземпляра АБИС |
Книга |
| 980 ## - КОЛЛЕКЦИЯ |
| Название коллекции |
Национальная библиография |